Metodický list na pomoc knižniciam jednotnej sústavy v okrese Nitra

Bibliographic Details
New Title:Život knižníc
Other Authors: Orlíková, Eva (Iso), Čepčeková, Mária (Compiler), Rečková, Valéria (Compiler)
Format: Journal
Language:Slovak
PhysicalDescription:25 zv. 30 cm
Published: V Nitre Okresná knižnica 1972-1996
V Nitre Ponitrianska knižnica
Series:Okresný knihovnícky časopis
Subjects:

MARC

LEADER 00000cas a2200000 a 4500
001 vtls001104496
003 SK-MaSNL
005 20260228160638.0
008 180814d19721996xo fr|p 0 0b0slo
015 |a SNBA1977 
020 |c (150 výtl.) 
035 |a SNK000047338 
040 |a SNK  |b slo  |c SNK  |e AACR2 
041 0 |a slo 
043 |a e-xo--- 
044 |a xo  |c SK 
072 7 |a 027  |x Univerzálne knižnice. Verejné knižnice  |2 konspekt 
072 7 |a 021  |x Funkcie, význam a využívanie knižníc  |2 konspekt 
080 |a 027.4/.5  |2 2011 
080 |a 021  |2 2011 
080 |a (437.6)  |2 2011 
080 |a 050  |2 2001 
080 |a (051)-048.55  |2 2011 
245 0 0 |a Metodický list na pomoc knižniciam jednotnej sústavy v okrese Nitra 
246 1 3 |a Na pomoc knižniciam jednotnej sústavy v okrese Nitra 
260 |a V Nitre  |b Okresná knižnica  |c 1972-1996 
260 3 |3 2/1996  |a V Nitre  |b Ponitrianska knižnica 
300 |a 25 zv.  |c 30 cm 
310 |a 2x ročne  |b 1991-1996 
321 |a 4x ročne  |b 1972-1990 
362 0 |a Č. 1 (1972)-č. 4 (1988) ; roč. 28, č. 1 (1989)-roč. 35, č. 2 (1996) 
490 1 |a Okresný knihovnícky časopis 
500 |a Zodp. red.: 1972-č. 1 (1989), Eva Orlíková 
500 |a Ediíciu uvádzajú od r. 1983 
500 |a Zost.: č. 2 (1989)-č. 1 (1990), č. 3 (1990)-č. 1 (1993), č. 1 (1994)-č. 2 (1996) - Mária Čepčeková ; č. 2 (1990), č. 2 (1993) - Valéria Rečková 
500 |a Od r. 1997 pokračuje pod názvom: Život knižníc 
515 |a Niektoré čísla vychádzajú ako dvojčíslo 
515 |a Ročníkovanie uvádzajú od r. 1989 - roč. 28, ... atď 
650 0 7 |a verejné knižnice  |2 SNKPH  |9 28929 
650 0 7 |a činnosť knižníc  |2 SNKPH  |9 66620 
651 7 |a Nitra (Slovensko : okres)  |2 SNKPHgeo  |9 24094 
655 7 |a špecializované časopisy  |2 SNKPH  |9 70509 
700 1 |a Orlíková, Eva  |4 Iso  |9 267058 
700 1 |a Čepčeková, Mária  |4 com  |9 267059 
700 1 |a Rečková, Valéria  |4 com  |9 267060 
752 |a Slovensko  |d Nitra 
785 0 0 |t Život knižníc  |w vtls008846040 
830 0 |a Okresný knihovnícky časopis  |9 267061 
850 |a Slovenská národná knižnica v Martine 
910 |a snk 
958 |a OND 
999 |c 3183  |d 5113 
952 |0 0  |1 0  |4 0  |7 0  |8 0  |a SNK  |b SNK  |d 2008-11-12  |i snk2008/21807  |l 0  |o snkČSB 2817/35/1996 D1  |p 17A0463344  |r 2026-02-21 20:07:22  |t č. 1-2  |w 2026-02-21  |y PREZ 
952 |0 0  |1 0  |4 0  |7 0  |a SNK  |b SNK  |d 2019-11-13  |i snkČSP 2821/90  |l 0  |o snkČSB 2817/28/1989  |p 17A0949776  |r 2026-02-21 20:19:14  |t č. 1-4  |w 2026-02-21  |y PREZ 
952 |0 0  |1 0  |4 0  |7 0  |8 0  |a SNK  |b SNK  |d 2008-11-12  |i snk2008/21804  |l 0  |o snkČSB 2817/35/1996  |p 17A0463343  |r 2026-02-21 21:01:35  |t č. 1-2  |w 2026-02-21  |y PREZ 
952 |0 0  |1 0  |4 0  |7 0  |a SNK  |b SNK  |d 2019-11-13  |i snkČSP 1923/89  |l 0  |o snkČSB 2817/1988  |p 17A0949775  |r 2026-02-21 22:08:01  |t č. 1-4  |w 2026-02-21  |y PREZ 
952 |0 0  |1 0  |4 0  |7 0  |a SNK  |b SNK  |d 2019-11-13  |i snkČSP 2197/91  |l 0  |o snkČSB 2817/29/1990  |p 17A0949782  |r 2026-02-21 22:08:01  |t č. 1-4  |w 2026-02-21  |y PREZ 
952 |0 0  |1 0  |4 0  |7 0  |a SNK  |b SNK  |d 2019-11-13  |i snkČSP 3164/93  |l 0  |o snkČSB 2817/30/1991  |p 17A0865858  |r 2026-02-21 22:08:01  |t č. 1-2  |w 2026-02-21  |y PREZ 
952 |0 0  |1 0  |4 0  |7 0  |a SNK  |b SNK  |d 2019-11-13  |i snkČSP 3162/93  |l 0  |o snkČSB 2817/31/1992  |p 17A0865862  |r 2026-02-21 22:08:01  |t č. 1-2  |w 2026-02-21  |y PREZ 
952 |0 0  |1 0  |4 0  |7 0  |a SNK  |b SNK  |d 2019-11-13  |i snkČSP 3567/94  |l 0  |o snkČSB 2817/32/1993  |p 17A0865865  |r 2026-02-21 22:08:02  |t č. 1-2  |w 2026-02-21  |y PREZ 
952 |0 0  |1 0  |4 0  |7 0  |a SNK  |b SNK  |d 2019-11-13  |i snkČSP 669/97  |l 0  |o snkČSB 2817/33/1994  |p 17A0865864  |r 2026-02-21 22:08:02  |t č. 1-2  |w 2026-02-21  |y PREZ 
952 |0 0  |1 0  |4 0  |7 0  |a SNK  |b SNK  |d 2019-11-13  |i snkČSP 671/97  |l 0  |o snkČSB 2817/34/1995  |p 17A0865863  |r 2026-02-21 22:08:02  |t č. 1-2  |w 2026-02-21  |y PREZ 
952 |0 0  |1 0  |4 0  |7 0  |a SNK  |b SNK  |d 2019-11-12  |i snkČSP 1353/75  |l 0  |o snkČSB 2817/1975  |p 17A0847291  |r 2026-02-21 22:14:03  |t č. 1-4  |w 2026-02-21  |y PREZ 
952 |0 0  |1 0  |4 0  |7 0  |a SNK  |b SNK  |d 2019-11-12  |i snkČSP 1355/76  |l 0  |o snkČSB 2817/1976  |p 17A0847284  |r 2026-02-21 22:14:03  |t č. 1-4  |w 2026-02-21  |y PREZ 
952 |0 0  |1 0  |4 0  |7 0  |a SNK  |b SNK  |d 2019-11-12  |i snkČSP 1357/77  |l 0  |o snkČSB 2817/1977  |p 17A0847277  |r 2026-02-21 22:14:03  |t č. 1-4  |w 2026-02-21  |y PREZ 
952 |0 0  |1 0  |4 0  |7 0  |a SNK  |b SNK  |d 2019-11-12  |i snkČSP 792/80  |l 0  |o snkČSB 2817/1979  |p 17A0847292  |r 2026-02-21 22:14:03  |t č. 1-4  |w 2026-02-21  |y PREZ 
952 |0 0  |1 0  |4 0  |7 0  |a SNK  |b SNK  |d 2019-11-12  |i snkČSP 1607/80  |l 0  |o snkČSB 2817/1980  |p 17A0847298  |r 2026-02-21 22:14:03  |t č. 1-4  |w 2026-02-21  |y PREZ 
952 |0 0  |1 0  |4 0  |7 0  |a SNK  |b SNK  |d 2019-11-13  |i snkČSP 1815/88  |l 0  |o snkČSB 2817/1987  |p 17A0949774  |r 2026-02-21 22:19:30  |t č. 1-4  |w 2026-02-21  |y PREZ 
952 |0 0  |1 0  |4 0  |7 0  |a SNK  |b SNK  |d 2019-11-12  |i snkČSP 1350/72  |l 0  |o snkČSB 2817/1972  |p 17A0847274  |r 2026-02-21 22:20:34  |t č. 1-4  |w 2026-02-21  |y PREZ 
952 |0 0  |1 0  |4 0  |7 0  |a SNK  |b SNK  |d 2019-11-12  |i snkČSP 1349/73  |l 0  |o snkČSB 2817/1973  |p 17A0847279  |r 2026-02-21 22:20:34  |t č. 1-4  |w 2026-02-21  |y PREZ 
952 |0 0  |1 0  |4 0  |7 0  |a SNK  |b SNK  |d 2019-11-12  |i snkČSP 1351/74  |l 0  |o snkČSB 2817/1974  |p 17A0847297  |r 2026-02-21 22:20:34  |t č. 1-4  |w 2026-02-21  |y PREZ 
952 |0 0  |1 0  |4 0  |7 0  |a SNK  |b SNK  |d 2019-11-12  |i snkČSP 2020/83  |l 0  |o snkČSB 2817/1983  |p 17A0949768  |r 2026-02-21 22:20:35  |t č. 1-4  |w 2026-02-21  |y PREZ 
952 |0 0  |1 0  |4 0  |7 0  |a SNK  |b SNK  |d 2019-11-12  |i snkČSP 1692/84  |l 0  |o snkČSB 2817/1984  |p 17A0949767  |r 2026-02-21 22:20:35  |t č. 1-4  |w 2026-02-21  |y PREZ 
952 |0 0  |1 0  |4 0  |7 0  |a SNK  |b SNK  |d 2019-11-12  |i snkČSP 1551/85  |l 0  |o snkČSB 2817/1985  |p 17A0949808  |r 2026-02-21 22:20:35  |t č. 1-4  |w 2026-02-21  |y PREZ 
952 |0 0  |1 0  |4 0  |7 0  |a SNK  |b SNK  |d 2019-11-12  |i snkČSP 1925/87  |l 0  |o snkČSB 2817/1986  |p 17A0949771  |r 2026-02-21 22:20:35  |t č. 1-4  |w 2026-02-21  |y PREZ 
952 |0 0  |1 0  |4 0  |7 0  |a SNK  |b SNK  |d 2019-11-12  |i snkČSP 1817/81  |l 0  |o snkČSB 2817/1981  |p 17A0949769  |r 2026-02-21 22:21:02  |t č. 1-4  |w 2026-02-21  |y PREZ 
952 |0 0  |1 0  |4 0  |7 0  |a SNK  |b SNK  |d 2019-11-12  |i snkČSP 2115/82  |l 0  |o snkČSB 2817/1982  |p 17A0949765  |r 2026-02-21 22:21:02  |t č. 1-4  |w 2026-02-21  |y PREZ 
952 |0 0  |1 0  |4 0  |7 0  |a SNK  |b SNK  |d 2019-11-12  |i snkČSP 1359/78  |l 0  |o snkČSB 2817/1978  |p 17A0847276  |r 2026-02-21 22:26:53  |t č. 1-4  |w 2026-02-21  |y PREZ